[Event "Olimpiada Calviá 2004"]
[Site "Calviá ESP"]
[Date "2004.10.22"]
[Round "7.53"]
[White "Shrestha, Bilam Lal"]
[Black "Pitlagano, Tebogo"]
[Result "0-1"]
[WhiteElo "2180"]
[BlackElo "2128"]
[PlyCount "84"]
[EventDate "2004.10.15"]
[EventType "team"]
[EventRounds "14"]
[EventCountry "ESP"]
[Source "lmi"]
[SourceDate "2004.10.27"]

1. e4 c5 2. g3 g6 3. Bg2 Bg7 4. Ne2 Nc6 5. c3 e6 6. O-O Nge7 7. d4 d6 8. Be3
cxd4 9. cxd4 d5 10. Nbc3 dxe4 11. Nxe4 Nd5 12. Qd2 Nxe3 13. fxe3 O-O 14. Rad1
Qe7 15. a3 Bd7 16. Nc5 Be8 17. b4 b6 18. Nd3 Rd8 19. Rc1 Qd6 20. Nf2 f5 21.
Rfd1 Ne7 22. Nf4 e5 23. Ne2 Ba4 24. Qa2+ Kh8 25. dxe5 Qxe5 26. Re1 Rc8 27. Rxc8
Rxc8 28. Nd4 Rc3 29. Nf3 Qd5 30. Qxd5 Nxd5 31. e4 fxe4 32. Nxe4 Rxa3 33. Nd6
Bc3 34. Rb1 Bxb4 35. Ne5 Bc5+ 36. Kh1 Ne3 37. Be4 Kg7 38. Nc8 Kf6 39. Nc6 Nd1
40. Kg2 Ra2+ 41. Kf3 Rf2+ 42. Kg4 h5+ 0-1

[Event "Olimpiada Calviá 2004"]
[Site "Calviá ESP"]
[Date "2004.10.22"]
[Round "7.53"]
[White "Khetho, Phemelo"]
[Black "Digesh, Shanker Malla"]
[Result "1-0"]
[WhiteElo "2238"]
[BlackElo "2253"]
[PlyCount "157"]
[EventDate "2004.10.15"]
[EventType "team"]
[EventRounds "14"]
[EventCountry "ESP"]
[Source "lmi"]
[SourceDate "2004.10.27"]

1. e4 e5 2. Nf3 Nc6 3. d4 exd4 4. Bc4 Nf6 5. e5 d5 6. Bb5 Ne4 7. Nxd4 Bd7 8.
Bxc6 bxc6 9. O-O Bc5 10. c3 O-O 11. Nd2 Nxd2 12. Bxd2 Bb6 13. Be3 Re8 14. Bf4
c5 15. Nc2 Bc6 16. Qd3 Qe7 17. Rfe1 Rad8 18. Qg3 Qe6 19. Bg5 f6 20. exf6 Qf7
21. fxg7 Rd6 22. Rxe8+ Bxe8 23. Re1 Re6 24. Bf4 Rxe1+ 25. Nxe1 Qxg7 26. Qe3 Bg6
27. Nf3 d4 28. Qd2 Qf7 29. cxd4 cxd4 30. Nxd4 Qxa2 31. Nf3 Qb1+ 32. Qc1 Qxc1+
33. Bxc1 Be4 34. Ng5 Bd5 35. Be3 a5 36. Kf1 Kg7 37. Nh3 a4 38. Bxb6 cxb6 39.
Nf4 Bc4+ 40. Ke1 b5 41. Kd2 b4 42. Nd3 a3 43. Nxb4 axb2 44. Kc2 Kf6 45. Kxb2
Ke5 46. Nc2 h5 47. Kc3 Ba6 48. Kd2 Kf4 49. Nb4 Bf1 50. Nd3+ Ke4 51. f3+ Kd4 52.
Nf4 h4 53. g4 hxg3 54. hxg3 Bc4 55. Ne2+ Ke5 56. Ke3 Kf5 57. Nd4+ Kg5 58. Nc6
Bb3 59. Ne5 Bd5 60. f4+ Kf5 61. g4+ Kf6 62. Nf3 Be6 63. g5+ Kg6 64. Ke4 Bf5+
65. Ke5 Bb1 66. Nh4+ Kh5 67. Nf5 Kg6 68. Nd6 Bc2 69. Ne4 Ba4 70. f5+ Kg7 71.
Nc5 Be8 72. Ne6+ Kf7 73. g6+ Kg8 74. Kf6 Bb5 75. Nd8 Bc4 76. Nf7 Bb3 77. Nh6+
Kh8 78. g7+ Kh7 79. g8=Q+ 1-0

[Event "Olimpiada Calviá 2004"]
[Site "Calviá ESP"]
[Date "2004.10.22"]
[Round "7.53"]
[White "Surbir, Lama"]
[Black "Hosiah, Olebogeng"]
[Result "1/2-1/2"]
[WhiteElo "2112"]
[BlackElo "2124"]
[PlyCount "83"]
[EventDate "2004.10.15"]
[EventType "team"]
[EventRounds "14"]
[EventCountry "ESP"]
[Source "lmi"]
[SourceDate "2004.10.27"]

1. e4 c5 2. Nc3 d6 3. f4 Nf6 4. Nf3 Nc6 5. g3 g6 6. Bg2 Bg7 7. O-O O-O 8. d3 a6
9. h3 Qc7 10. Ne2 e5 11. c3 Be6 12. Ng5 Bd7 13. Be3 h6 14. Nf3 exf4 15. gxf4
Rfe8 16. Qd2 Kh7 17. Ng3 Ne7 18. Rf2 d5 19. e5 Nfg8 20. Raf1 Nf5 21. Nxf5 Bxf5
22. Nh4 Rad8 23. Nxf5 gxf5 24. d4 c4 25. Qc2 Qd7 26. Bf3 Ne7 27. Kh2 Ng6 28.
Rg1 Rc8 29. Rfg2 Rg8 30. Qf2 Bf8 31. h4 Be7 32. h5 Qe6 33. hxg6+ fxg6 34. Bd2
h5 35. Be1 b5 36. Qc2 a5 37. a3 a4 38. Kh3 Rc6 39. Qd1 Qf7 40. Qe2 Kh6 41. Qf1
Re6 42. Qe2 1/2-1/2

[Event "Olimpiada Calviá 2004"]
[Site "Calviá ESP"]
[Date "2004.10.22"]
[Round "7.53"]
[White "Boikhutswane, Kenneth"]
[Black "Shrestha, Keshav"]
[Result "0-1"]
[WhiteElo "2125"]
[BlackElo "2170"]
[PlyCount "60"]
[EventDate "2004.10.15"]
[EventType "team"]
[EventRounds "14"]
[EventCountry "ESP"]
[Source "lmi"]
[SourceDate "2004.10.27"]

1. d4 d5 2. Nf3 Nf6 3. c4 dxc4 4. e3 e6 5. Nc3 a6 6. Bxc4 b5 7. Bd3 c5 8. O-O
Nbd7 9. Qe2 Bb7 10. a3 Bd6 11. e4 cxd4 12. Nxd4 Ne5 13. Bc2 Ng6 14. Rd1 Qb8 15.
g3 O-O 16. Be3 Rd8 17. f3 h5 18. Nb3 Be7 19. Na5 Qc7 20. Nxb7 Qxb7 21. Qf2 Ne5
22. Bb3 b4 23. axb4 Qxb4 24. Ba4 Nfg4 25. fxg4 Nxg4 26. Qc2 Nxe3 27. Rxd8+ Rxd8
28. Qb3 Qd4 29. Ne2 Qxe4 30. Kf2 Ng4+ 0-1

[Event "Olimpiada Calviá 2004"]
[Site "Calviá ESP"]
[Date "2004.10.22"]
[Round "7.54"]
[White "Van Tilbury, Craig"]
[Black "Ovalle, Ramon"]
[Result "1-0"]
[WhiteElo "2309"]
[BlackElo "2184"]
[PlyCount "111"]
[EventDate "2004.10.15"]
[EventType "team"]
[EventRounds "14"]
[EventCountry "ESP"]
[Source "lmi"]
[SourceDate "2004.10.27"]

1. d4 Nf6 2. c4 a6 3. Nf3 c5 4. d5 e6 5. Bg5 exd5 6. cxd5 d6 7. a4 Be7 8. Nc3
O-O 9. e4 Bg4 10. Bc1 Nbd7 11. Be2 Qa5 12. Nd2 Bxe2 13. Qxe2 Rfe8 14. Ra3 Bf8
15. O-O Rac8 16. Rb3 Nb6 17. Nc4 Nxc4 18. Qxc4 Rb8 19. f3 Nd7 20. Qe2 Ne5 21.
Ra3 c4 22. Be3 Nd3 23. Qc2 Qb4 24. Rb1 Rbc8 25. a5 Be7 26. Ra4 Qb3 27. Qxb3
cxb3 28. Ra3 Nxb2 29. Rxb2 Rxc3 30. Raxb3 Rxe3 31. Rxe3 Bf6 32. Reb3 Bxb2 33.
Rxb2 Re7 34. Rb6 Rd7 35. Kf2 Kf8 36. Ke3 Ke7 37. Kd4 Rc7 38. f4 f6 39. e5 fxe5+
40. fxe5 dxe5+ 41. Kxe5 Kd7 42. Rb2 b5 43. axb6 Rb7 44. Rf2 Rxb6 45. Rf7+ Ke8
46. Rxg7 Rg6 47. Rxg6 hxg6 48. h4 Kd7 49. g4 a5 50. h5 a4 51. Kd4 a3 52. Kc3
gxh5 53. gxh5 Ke7 54. h6 Kd6 55. h7 a2 56. Kb2 1-0

[Event "Olimpiada Calviá 2004"]
[Site "Calviá ESP"]
[Date "2004.10.22"]
[Round "7.54"]
[White "Montalvo, Alejandro"]
[Black "Hook, William"]
[Result "1-0"]
[WhiteElo "2240"]
[BlackElo "2108"]
[PlyCount "87"]
[EventDate "2004.10.15"]
[EventType "team"]
[EventRounds "14"]
[EventCountry "ESP"]
[Source "lmi"]
[SourceDate "2004.10.27"]

1. d4 Nf6 2. c4 g6 3. f3 Bg7 4. e4 d6 5. Nc3 O-O 6. Be3 c6 7. Qd2 Qc7 8. Nge2
e5 9. O-O-O Nbd7 10. Kb1 a6 11. Nc1 b5 12. dxe5 dxe5 13. Qd6 Qxd6 14. Rxd6 Bb7
15. Nb3 Rac8 16. g3 Rfd8 17. Bh3 Bf8 18. Rd2 Be7 19. Rhd1 Rc7 20. Bg5 Bc8 21.
Nc5 Re8 22. Nxd7 Nxd7 23. Bxe7 Rxe7 24. cxb5 axb5 25. Rc1 Nb6 26. Rd8+ Kg7 27.
Bxc8 Nxc8 28. Nxb5 cxb5 29. Rxc8 Rb7 30. b4 Re6 31. a3 Rd6 32. R1c3 Rd1+ 33.
Kb2 Rd2+ 34. Rc2 Rbd7 35. R8c5 R2d3 36. R5c3 Rd2 37. Rc5 R2d3 38. Rxb5 Rxf3 39.
Rbc5 Rd4 40. Rxe5 Rdd3 41. Ra5 Rb3+ 42. Ka2 Rbe3 43. b5 Rxe4 44. b6 1-0

[Event "Olimpiada Calviá 2004"]
[Site "Calviá ESP"]
[Date "2004.10.22"]
[Round "7.55"]
[White "Gajadin, Dewperkash"]
[Black "Croes, Octavio"]
[Result "1-0"]
[WhiteElo "2207"]
[BlackElo "2058"]
[PlyCount "79"]
[EventDate "2004.10.15"]
[EventType "team"]
[EventRounds "14"]
[EventCountry "ESP"]
[Source "lmi"]
[SourceDate "2004.10.27"]

1. e4 e5 2. Nf3 Nf6 3. Nxe5 d6 4. Nf3 Nxe4 5. d4 d5 6. Bd3 Nc6 7. O-O Be7 8. c4
Nb4 9. Be2 O-O 10. a3 Nc6 11. cxd5 Qxd5 12. Nc3 Nxc3 13. bxc3 Bf5 14. c4 Qd6
15. Be3 Bf6 16. Qd2 Rad8 17. Rfd1 Rfe8 18. Ra2 h6 19. h3 Rd7 20. d5 Ne5 21. c5
Nxf3+ 22. Bxf3 Qe7 23. Bd4 b6 24. d6 Qe6 25. Bxf6 Qxf6 26. Bc6 Red8 27. Bxd7
Rxd7 28. Qe3 bxc5 29. Qxc5 cxd6 30. Qd4 Qg6 31. Qe3 Be6 32. Rb2 Kh7 33. Rb8 Qc2
34. Rc1 Qf5 35. Rcc8 Bd5 36. Qg3 g5 37. Rh8+ Kg6 38. Rbg8+ Kh5 39. Qe3 Qf4 40.
g4+ 1-0

[Event "Olimpiada Calviá 2004"]
[Site "Calviá ESP"]
[Date "2004.10.22"]
[Round "7.56"]
[White "Van Hoolandt, Patrick"]
[Black "Eichab, Charles"]
[Result "1-0"]
[WhiteElo "2269"]
[BlackElo "2200"]
[PlyCount "49"]
[EventDate "2004.10.15"]
[EventType "team"]
[EventRounds "14"]
[EventCountry "ESP"]
[Source "lmi"]
[SourceDate "2004.10.27"]

1. c4 Nf6 2. Nf3 c5 3. g3 Nc6 4. Bg2 g6 5. d4 cxd4 6. Nxd4 Bg7 7. O-O O-O 8.
Nc3 Qb6 9. Nc2 d6 10. b3 Qa5 11. Bd2 Qh5 12. e4 Bg4 13. f3 Be6 14. Qe1 Nd7 15.
Rd1 a6 16. Nd5 g5 17. g4 Qg6 18. h4 Bxd5 19. h5 Qf6 20. exd5 Nce5 21. Qe2 Nc5
22. f4 Ned3 23. b4 Qb2 24. bxc5 Qxc2 25. Be4 1-0

[Event "Olimpiada Calviá 2004"]
[Site "Calviá ESP"]
[Date "2004.10.22"]
[Round "7.56"]
[White "Mueller, Leonhard"]
[Black "Gentilleau, Jean-Philippe"]
[Result "1/2-1/2"]
[WhiteElo "2213"]
[BlackElo "2256"]
[PlyCount "70"]
[EventDate "2004.10.15"]
[EventType "team"]
[EventRounds "14"]
[EventCountry "ESP"]
[Source "lmi"]
[SourceDate "2004.10.27"]

1. d4 Nf6 2. c4 g6 3. Nc3 Bg7 4. e4 d6 5. Nf3 O-O 6. Be2 Bg4 7. Be3 Nfd7 8. Ng1
Bxe2 9. Ngxe2 c5 10. Qd2 cxd4 11. Nxd4 Nc6 12. O-O Nde5 13. b3 Ng4 14. Nxc6
bxc6 15. Bg5 Re8 16. Rac1 Qa5 17. h3 Nf6 18. Rfd1 Rad8 19. f3 Qc7 20. Kh1 Nh5
21. Ne2 Bf6 22. Bxf6 Nxf6 23. b4 Qb6 24. Rb1 d5 25. c5 Qc7 26. exd5 Nxd5 27. a3
e5 28. Ng3 f5 29. Qg5 Qg7 30. Ne2 h6 31. Qc1 e4 32. fxe4 Rxe4 33. Ng3 Re5 34.
Qc4 Kh7 35. Re1 Ne3 1/2-1/2

[Event "Olimpiada Calviá 2004"]
[Site "Calviá ESP"]
[Date "2004.10.22"]
[Round "7.56"]
[White "Calabrese, Antonino"]
[Black "Nakapunda, Otto"]
[Result "1/2-1/2"]
[WhiteElo "2038"]
[BlackElo "2129"]
[PlyCount "63"]
[EventDate "2004.10.15"]
[EventType "team"]
[EventRounds "14"]
[EventCountry "ESP"]
[Source "lmi"]
[SourceDate "2004.10.27"]

1. e4 c6 2. d3 d5 3. Nd2 e5 4. Ngf3 Bd6 5. g3 Nf6 6. Bg2 Bg4 7. O-O Qc8 8. Re1
O-O 9. c3 Nbd7 10. Qc2 Re8 11. Nf1 Qc7 12. Ne3 Bh5 13. Nf5 Bf8 14. Bd2 Rad8 15.
h3 dxe4 16. dxe4 Nc5 17. Rad1 Bg6 18. N3h4 Ne6 19. Nxg6 hxg6 20. Ne3 Rd7 21.
Bc1 Red8 22. Rxd7 Rxd7 23. Rd1 Rxd1+ 24. Qxd1 Qd7 25. Qxd7 Nxd7 26. f3 f6 27.
b4 Bd6 28. Nc4 Bc7 29. Be3 b6 30. a4 Kf7 31. Bf1 Nd8 32. a5 1/2-1/2

[Event "Olimpiada Calviá 2004"]
[Site "Calviá ESP"]
[Date "2004.10.22"]
[Round "7.56"]
[White "Kirsten, Jorrit"]
[Black "Lebel-Arias, Julia"]
[Result "0-1"]
[WhiteElo "2200"]
[BlackElo "1986"]
[PlyCount "114"]
[EventDate "2004.10.15"]
[EventType "team"]
[EventRounds "14"]
[EventCountry "ESP"]
[Source "lmi"]
[SourceDate "2004.10.27"]

1. e4 g6 2. d4 Bg7 3. Nc3 c5 4. Nf3 cxd4 5. Nxd4 Nc6 6. Be3 a6 7. Qd2 b5 8.
Nxc6 dxc6 9. Qxd8+ Kxd8 10. O-O-O+ Ke8 11. Be2 Be6 12. Kb1 Nf6 13. f3 Nd7 14.
Rd2 f6 15. Rhd1 Rb8 16. f4 h5 17. h4 Rc8 18. a3 Rc7 19. Na2 c5 20. Nc3 c4 21.
Nd5 Bxd5 22. Rxd5 e5 23. f5 gxf5 24. exf5 Bf8 25. Bf3 Be7 26. Bd2 Nb6 27. Ba5
Nxd5 28. Bxd5 Rc5 29. Bb4 Rxd5 30. Rxd5 Rg8 31. Bxe7 Kxe7 32. a4 bxa4 33. Ra5
Rxg2 34. Rxa6 Rf2 35. Rxa4 Rf4 36. Kc1 Kd8 37. Kd1 Kc7 38. b3 cxb3 39. Rxf4
bxc2+ 40. Kxc2 exf4 41. Kd3 Kd6 42. Ke4 f3 43. Kxf3 Ke5 44. Ke3 Kxf5 45. Kf3
Ke5 46. Ke3 f5 47. Kf3 f4 48. Kf2 Ke4 49. Ke2 f3+ 50. Kf2 Kf4 51. Kf1 Kg3 52.
Kg1 Kxh4 53. Kh2 Kg4 54. Kg1 Kg3 55. Kh1 Kf4 56. Kg1 Ke3 57. Kf1 f2 0-1

[Event "Olimpiada Calviá 2004"]
[Site "Calviá ESP"]
[Date "2004.10.22"]
[Round "7.57"]
[White "Li Ying, Patrick"]
[Black "Salcedo, Ivan"]
[Result "1/2-1/2"]
[WhiteElo "2200"]
[BlackElo "2150"]
[PlyCount "60"]
[EventDate "2004.10.15"]
[EventType "team"]
[EventRounds "14"]
[EventCountry "ESP"]
[Source "lmi"]
[SourceDate "2004.10.27"]

1. e4 c5 2. Nf3 e6 3. d4 cxd4 4. Nxd4 Nf6 5. Bd3 d6 6. O-O Nbd7 7. Nc3 a6 8. a4
Qc7 9. Kh1 Ne5 10. f4 Neg4 11. f5 Qc5 12. Be2 h5 13. fxe6 fxe6 14. Bxg4 hxg4
15. Be3 Qh5 16. Bg1 Bd7 17. Qd3 Qh4 18. g3 Qh3 19. Nce2 e5 20. Rxf6 gxf6 21.
Nf5 Bc6 22. Nc3 d5 23. Nxd5 O-O-O 24. Rd1 Bc5 25. Nfe7+ Bxe7 26. Nxe7+ Kc7 27.
Nd5+ Kc8 28. Ne7+ Kc7 29. Nd5+ Kc8 30. Ne7+ Kc7 1/2-1/2

[Event "Olimpiada Calviá 2004"]
[Site "Calviá ESP"]
[Date "2004.10.22"]
[Round "7.58"]
[White "Cave, Christo"]
[Black "Fancy, Stuart"]
[Result "1-0"]
[WhiteElo "2276"]
[BlackElo "2195"]
[PlyCount "43"]
[EventDate "2004.10.15"]
[EventType "team"]
[EventRounds "14"]
[EventCountry "ESP"]
[Source "lmi"]
[SourceDate "2004.10.27"]

1. e4 e5 2. Nf3 d6 3. Bc4 Nc6 4. c3 Bg4 5. Qb3 Na5 6. Bxf7+ Ke7 7. Qa4 Kxf7 8.
Qxa5 Nf6 9. d3 h6 10. Be3 Bxf3 11. gxf3 Be7 12. Nd2 Rf8 13. Rg1 g5 14. O-O-O
Qd7 15. d4 b6 16. Qa6 exd4 17. Bxd4 Nh5 18. Rg4 b5 19. e5 d5 20. Qxh6 Nf4 21.
Rxf4+ gxf4 22. Qh5+ 1-0

[Event "Olimpiada Calviá 2004"]
[Site "Calviá ESP"]
[Date "2004.10.22"]
[Round "7.58"]
[White "Press, Shaun"]
[Black "Merritt, Mario"]
[Result "0-1"]
[WhiteElo "2070"]
[BlackElo "2079"]
[PlyCount "94"]
[EventDate "2004.10.15"]
[EventType "team"]
[EventRounds "14"]
[EventCountry "ESP"]
[Source "lmi"]
[SourceDate "2004.10.27"]

1. e4 c5 2. Nf3 Nc6 3. d4 cxd4 4. Nxd4 g6 5. c4 Bg7 6. Be3 Nf6 7. Nc3 O-O 8.
Be2 d6 9. Qd2 Bd7 10. f3 Nxd4 11. Bxd4 Bc6 12. Rc1 a5 13. b3 Nd7 14. Be3 Nc5
15. O-O Qb6 16. Nd5 Bxd5 17. cxd5 Rfc8 18. Rc4 Qd8 19. Rfc1 b6 20. Kf1 h5 21.
R4c2 Be5 22. Bf4 Bxf4 23. Qxf4 Qe8 24. Qe3 b5 25. a3 b4 26. a4 Kh7 27. Bb5 Qf8
28. g4 hxg4 29. fxg4 Qh6 30. g5 Qg7 31. e5 Rh8 32. Rxc5 dxc5 33. Rxc5 Rhd8 34.
Bc6 Rac8 35. Rxa5 e6 36. Ra7 exd5 37. e6 Qa1+ 38. Kg2 Qb2+ 39. Kh1 Qb1+ 40. Kg2
Qc2+ 41. Kg1 Qd1+ 42. Kg2 Qg4+ 43. Kh1 Rxc6 44. Rxf7+ Kg8 45. e7 Re8 46. Rf6
Rxf6 47. gxf6 Qe4+ 0-1

[Event "Olimpiada Calviá 2004"]
[Site "Calviá ESP"]
[Date "2004.10.22"]
[Round "7.60"]
[White "Hawes, Jonathan"]
[Black "Dekker, Marvin"]
[Result "1/2-1/2"]
[WhiteElo "2151"]
[BlackElo "2133"]
[PlyCount "39"]
[EventDate "2004.10.15"]
[EventType "team"]
[EventRounds "14"]
[EventCountry "ESP"]
[Source "lmi"]
[SourceDate "2004.10.27"]

1. d4 Nf6 2. Nf3 e6 3. Bg5 c5 4. e3 Nc6 5. c3 h6 6. Bh4 cxd4 7. exd4 Be7 8.
Nbd2 d5 9. Bd3 O-O 10. O-O b6 11. Re1 Bb7 12. Ne5 Nxe5 13. dxe5 Nd7 14. Bxe7
Qxe7 15. Nf3 Nc5 16. Nd4 Qg5 17. Bc2 a6 18. Qc1 Qxc1 19. Raxc1 Rac8 20. f4
1/2-1/2

[Event "Olimpiada Calviá 2004"]
[Site "Calviá ESP"]
[Date "2004.10.22"]
[Round "7.60"]
[White "Mensing, Fabio"]
[Black "Fulton, Anthony"]
[Result "1-0"]
[WhiteElo "2122"]
[BlackElo "2203"]
[PlyCount "47"]
[EventDate "2004.10.15"]
[EventType "team"]
[EventRounds "14"]
[EventCountry "ESP"]
[Source "lmi"]
[SourceDate "2004.10.27"]

1. Nf3 d5 2. d4 c5 3. c3 e6 4. e3 Nf6 5. Bd3 Bd6 6. Nbd2 O-O 7. O-O b6 8. e4
dxe4 9. Nxe4 Be7 10. Nxf6+ Bxf6 11. Be4 Ba6 12. Bxa8 Bxf1 13. Qxf1 cxd4 14.
Nxd4 Bxd4 15. cxd4 Qxd4 16. Be3 Qxb2 17. Qd1 Qf6 18. Rc1 Rd8 19. Qa4 Qb2 20. h3
a5 21. Qb3 Qxb3 22. axb3 Na6 23. Bb7 Nb4 24. Bxb6 1-0

[Event "Olimpiada Calviá 2004"]
[Site "Calviá ESP"]
[Date "2004.10.22"]
[Round "7.61"]
[White "Kumar, Manoj"]
[Black "Mutabazi, Fidele"]
[Result "1-0"]
[WhiteElo "2036"]
[BlackElo "2200"]
[PlyCount "45"]
[EventDate "2004.10.15"]
[EventType "team"]
[EventRounds "14"]
[EventCountry "ESP"]
[Source "lmi"]
[SourceDate "2004.10.27"]

1. e4 c5 2. c3 e5 3. d4 Nc6 4. Nf3 Bd6 5. Bc4 Nf6 6. O-O O-O 7. Re1 a6 8. Bg5
h6 9. Bh4 b5 10. Bd5 Qe7 11. Bg3 Bc7 12. Nxe5 Bxe5 13. dxe5 Ne8 14. Nd2 Ra7 15.
f4 g6 16. Qg4 Ng7 17. Qxg6 c4 18. Qxh6 Nd8 19. Nf3 Nde6 20. f5 Nxf5 21. exf5
Qc5+ 22. Bf2 Qxd5 23. fxe6 1-0

[Event "Olimpiada Calviá 2004"]
[Site "Calviá ESP"]
[Date "2004.10.22"]
[Round "7.62"]
[White "Zahiruddin, Asefi"]
[Black "Kovacova, Zuzana"]
[Result "0-1"]
[WhiteElo "2064"]
[BlackElo "2039"]
[PlyCount "60"]
[EventDate "2004.10.15"]
[EventType "team"]
[EventRounds "14"]
[EventCountry "ESP"]
[Source "lmi"]
[SourceDate "2004.10.27"]

1. e4 e5 2. f4 d5 3. exd5 Qxd5 4. Nc3 Qe6 5. Nf3 exf4+ 6. Kf2 Nf6 7. Bb5+ Kd8
8. Re1 Qb6+ 9. d4 Be6 10. Bxf4 Bb4 11. Qd3 a6 12. Ba4 h6 13. Kf1 Nd5 14. Nxd5
Bxd5 15. c3 Bd6 16. Ne5 Qxb2 17. Qg3 Qa3 18. Qxg7 Rf8 19. Qxf8+ Bxf8 20. Nxf7+
Bxf7 21. Bd1 Qxc3 22. Rc1 Qd3+ 23. Be2 Qf5 24. g3 Bd6 25. Bf3 Bxf4 26. gxf4
Qxf4 27. Kg2 c6 28. Rb1 Kc7 29. Re4 Qg5+ 30. Kf2 Bg6 0-1

[Event "Olimpiada Calviá 2004"]
[Site "Calviá ESP"]
[Date "2004.10.22"]
[Round "7.64"]
[White "Nanjo, Ryosuke"]
[Black "Zoltek, Tadeusz"]
[Result "0-1"]
[WhiteElo "2154"]
[BlackElo "2313"]
[PlyCount "46"]
[EventDate "2004.10.15"]
[EventType "team"]
[EventRounds "14"]
[EventCountry "ESP"]
[Source "lmi"]
[SourceDate "2004.10.27"]

1. d4 d5 2. c4 e6 3. Nc3 Nf6 4. cxd5 exd5 5. Bg5 c6 6. e3 Qb6 7. Qc2 Ne4 8.
Nxe4 dxe4 9. Qxe4+ Be6 10. O-O-O Qa5 11. Nf3 Qxa2 12. d5 cxd5 13. Bc4 Qa1+ 14.
Kc2 Nc6 15. Bxd5 Nb4+ 16. Kc3 Nxd5+ 17. Rxd5 Rc8+ 18. Kd3 Qxb2 19. Qa4+ b5 20.
Rxb5 Qc3+ 21. Ke2 Bc4+ 22. Kd1 Qd3+ 23. Nd2 Qe2+ 0-1

[Event "Olimpiada Calviá 2004"]
[Site "Calviá ESP"]
[Date "2004.10.22"]
[Round "7.64"]
[White "Mora Manez, Julio"]
[Black "Shiomi, Ryo"]
[Result "0-1"]
[WhiteElo "2064"]
[BlackElo "2072"]
[PlyCount "100"]
[EventDate "2004.10.15"]
[EventType "team"]
[EventRounds "14"]
[EventCountry "ESP"]
[Source "lmi"]
[SourceDate "2004.10.27"]

1. e4 c5 2. Nf3 Nc6 3. c3 Nf6 4. e5 Nd5 5. d4 cxd4 6. Bc4 Nb6 7. Bb3 d5 8. exd6
Qxd6 9. O-O Be6 10. Bxe6 Qxe6 11. Nxd4 Qd7 12. Nxc6 Qxc6 13. Be3 g6 14. Bd4 f6
15. Nd2 e5 16. Qe2 Kf7 17. Bxb6 Qxb6 18. Nc4 Qe6 19. Rfd1 Be7 20. b3 Rac8 21.
Rac1 Rhd8 22. Rxd8 Rxd8 23. Ne3 Bc5 24. h3 Bxe3 25. Qxe3 b6 26. c4 Qd6 27. c5
Qd2 28. cxb6 Qxe3 29. fxe3 axb6 30. Rc7+ Ke6 31. Rxh7 Kf5 32. Rc7 b5 33. Rc2
Ke4 34. Kf2 Rd3 35. Re2 b4 36. g3 f5 37. h4 Rc3 38. Re1 Rc2+ 39. Re2 Kd3 40.
Rxc2 Kxc2 41. e4 Kd2 42. h5 fxe4 43. hxg6 e3+ 44. Kg2 e2 45. g7 e1=Q 46. g8=Q
e4 47. Qc4 Kd1 48. Qd4+ Qd2+ 49. Qxd2+ Kxd2 50. g4 e3 0-1

[Event "Olimpiada Calviá 2004 Femenina"]
[Site "Calviá ESP"]
[Date "2004.10.22"]
[Round "7.30"]
[White "Sabirova, Olga"]
[Black "Van Der Merwe, Cecile H"]
[Result "1-0"]
[WhiteElo "2250"]
[BlackElo "2059"]
[PlyCount "77"]
[EventDate "2004.10.15"]
[EventType "team"]
[EventRounds "14"]
[EventCountry "ESP"]
[Source "lmi"]
[SourceDate "2004.10.27"]

1. e4 e6 2. d4 d5 3. Nc3 Nf6 4. Bg5 Be7 5. exd5 exd5 6. Bd3 O-O 7. Nge2 Bg4 8.
f3 Be6 9. O-O h6 10. Bh4 c6 11. Qd2 Qc8 12. Rae1 Ne4 13. Nxe4 Bxh4 14. N4g3 Nd7
15. c3 Nf6 16. Bc2 Re8 17. Nc1 Qc7 18. f4 Bg4 19. Re5 Nd7 20. Qd3 Nxe5 21. Qh7+
Kf8 22. fxe5 Bxg3 23. hxg3 c5 24. Bg6 Be6 25. Qh8+ Ke7 26. Qxg7 Rf8 27. Nd3
cxd4 28. cxd4 Qc4 29. Qf6+ Kd7 30. Nc5+ Kc6 31. Nxe6 fxe6 32. Qxe6+ Kb5 33. Rd1
Qc6 34. Qg4 Rg8 35. e6 Kb6 36. Qf5 Raf8 37. Bf7 Rg5 38. e7 Rc8 39. Qxc8 1-0

[Event "Olimpiada Calviá 2004"]
[Site "Calviá ESP"]
[Date "2004.10.23"]
[Round "8.1"]
[White "Karjakin, Sergey"]
[Black "Radulski, Julian"]
[Result "1-0"]
[WhiteElo "2576"]
[BlackElo "2501"]
[PlyCount "81"]
[EventDate "2004.10.15"]
[EventType "team"]
[EventRounds "14"]
[EventCountry "ESP"]
[Source "lmi"]
[SourceDate "2004.10.27"]

1. e4 e5 2. Nf3 Nc6 3. Bb5 a6 4. Ba4 Nf6 5. O-O Be7 6. Re1 b5 7. Bb3 d6 8. c3
O-O 9. h3 Na5 10. Bc2 c5 11. d4 Qc7 12. Nbd2 cxd4 13. cxd4 Bb7 14. d5 Bc8 15.
b3 Bd7 16. Rb1 Rfc8 17. Bd3 g6 18. Nf1 Nh5 19. Be3 Qb8 20. g4 Ng7 21. Ng3 Nb7
22. b4 Nd8 23. Qe2 f6 24. a4 Nf7 25. Ra1 Qb7 26. axb5 axb5 27. Nd2 Bd8 28. Nb3
Ne8 29. Kh2 Nc7 30. Na5 Qb8 31. Rec1 Na6 32. Rxc8 Qxc8 33. Bxb5 Qc3 34. Rc1
Bxb5 35. Qxb5 Qxb4 36. Qe8+ Kg7 37. Nc6 Qb7 38. Nh5+ gxh5 39. gxh5 Ng5 40. Nxd8
Qb8 41. Ne6+ 1-0

[Event "Olimpiada Calviá 2004"]
[Site "Calviá ESP"]
[Date "2004.10.23"]
[Round "8.4"]
[White "Lautier, Joel"]
[Black "Macieja, Bartlomiej"]
[Result "1/2-1/2"]
[WhiteElo "2682"]
[BlackElo "2613"]
[PlyCount "61"]
[EventDate "2004.10.15"]
[EventType "team"]
[EventRounds "14"]
[EventCountry "ESP"]
[Source "lmi"]
[SourceDate "2004.10.27"]

1. d4 Nf6 2. c4 e6 3. Nc3 Bb4 4. Qc2 c5 5. dxc5 O-O 6. a3 Bxc5 7. Nf3 b6 8. Bf4
Bb7 9. Rd1 Nc6 10. b4 Be7 11. e4 a5 12. b5 Nb8 13. e5 Nh5 14. Be3 Bxf3 15. gxf3
Bxa3 16. Bd3 f5 17. exf6 Nxf6 18. Na4 d6 19. Nxb6 Ra7 20. c5 Bxc5 21. Bxc5 Rc7
22. Na4 Nbd7 23. b6 Rxc5 24. Nxc5 Nxc5 25. Rb1 Rf7 26. O-O Rb7 27. Bc4 Rxb6 28.
Qa2 d5 29. Qxa5 Ncd7 30. Bd3 Qb8 31. Rxb6 1/2-1/2

[Event "Olimpiada Calviá 2004"]
[Site "Calviá ESP"]
[Date "2004.10.23"]
[Round "8.4"]
[White "Dorfman, Josif D"]
[Black "Kempinski, Robert"]
[Result "1/2-1/2"]
[WhiteElo "2596"]
[BlackElo "2608"]
[PlyCount "42"]
[EventDate "2004.10.15"]
[EventType "team"]
[EventRounds "14"]
[EventCountry "ESP"]
[Source "lmi"]
[SourceDate "2004.10.27"]

1. d4 Nf6 2. c4 g6 3. Nc3 Bg7 4. e4 O-O 5. Nf3 d6 6. Be2 Na6 7. O-O e5 8. Be3
Ng4 9. Bg5 Qe8 10. dxe5 dxe5 11. Nd2 f6 12. Bh4 Nh6 13. f3 Nc5 14. Bf2 Ne6 15.
c5 Nf7 16. b4 c6 17. Nc4 Qe7 18. Nd6 Rd8 19. Nxc8 Raxc8 20. Qa4 Nd4 21. Rad1 b6
1/2-1/2